Phase Ambiguity Removal, Ber Measurement And Characterization Of Bpsk Modulator For Satellite Commanding (Record no. 233622)
[ view plain ]
| 000 -LEADER | |
|---|---|
| fixed length control field | 00919nam a2200145Ia 4500 |
| 008 - FIXED-LENGTH DATA ELEMENTS--GENERAL INFORMATION | |
| fixed length control field | 231221s9999 xx 000 0 und d |
| 041 ## - LANGUAGE CODE | |
| Language code of text/sound track or separate title | English |
| 082 ## - DEWEY DECIMAL CLASSIFICATION NUMBER | |
| Classification number | CPEC15-1096 |
| 100 ## - MAIN ENTRY--PERSONAL NAME | |
| Personal name | Vijetha B. Sowmya Madhavan. Sambasiva Rao, V. |
| 245 #0 - TITLE STATEMENT | |
| Title | Phase Ambiguity Removal, Ber Measurement And Characterization Of Bpsk Modulator For Satellite Commanding |
| 260 ## - PUBLICATION, DISTRIBUTION, ETC. | |
| Date of publication, distribution, etc. | 2015 |
| 500 ## - GENERAL NOTE | |
| General note | Phase Ambiguity Removal, Ber Measurement And Characterization Of Bpsk Modulator For Satellite Commanding Vijetha B, Sowmya Madhavan and V. Sambasiva Rao Department of Electronics and Communication Engineering, PES Institute of Technology, Bangalore, INDIA International Conference on Current Innovations in Engineering and Technology, ISBN: 978-1511884-099, pp. 167-171, 2015. |
| 650 ## - SUBJECT ADDED ENTRY--TOPICAL TERM | |
| Topical term or geographic name entry element | Phase,Ambiguity,Removal,,Ber,Measurement,Characterization,Bpsk,Modulator,Satellite,Commanding |
| 942 ## - ADDED ENTRY ELEMENTS (KOHA) | |
| Koha item type | Institutional repository |
| Date last seen | Total checkouts | Full call number | Accession number | Price effective from | Category | Lost status | Damaged status | Department | Withdrawn status | Home library | Current library | Shelving location | Entry date | Grants | Currency symbol | Conversion rate | Discount | Old discount |
|---|---|---|---|---|---|---|---|---|---|---|---|---|---|---|---|---|---|---|
| 26/01/2024 | CPEC15-1096 | IR1096 | 26/01/2024 | Institutional repository | EC | Central Library | Central Library | Central Library | EC | RS | 1 |
